01314nam a2200325Ia 4500001001200000003000800012006001900020007001500039008004100054010001700095020004300112020001800155040002100173035002100194050002300215082001500238100003000253245011700283260005800400300001600458504005100474533015200525600003300677650002400710650003700734651004500771655002900816710001700845856012600862ebr10682499CaPaEBRm u cr cn|||||||||121015s2013 nju sb 001 0beng d z 2012038718 z9780691157306 (hardcover : alk. paper) z9781400847594 aCaPaEBRcCaPaEBR a(OCoLC)84306829614aB1873b.N34 2013eb04a194aB2231 aNadler, Steven M.,d1958-14aThe philosopher, the priest, and the painterh[electronic resource] :ba portrait of Descartes /cSteven Nadler. aPrinceton, N.J. :bPrinceton University Press,c2013. axiv, 230 p. aIncludes bibliographical references and index. aElectronic reproduction.bPalo Alto, Calif. :cebrary,d2013.nAvailable via World Wide Web.nAccess may be limited to ebrary affiliated libraries.10aDescartes, Rene,d1596-1650. 0aPhilosophy, Modern. 0aPhilosopherszFrancevBiography. 0aEuropexIntellectual lifey17th century. 7aElectronic books.2local2 aebrary, Inc.40uhttp://site.ebrary.com/lib/rucke/Doc?id=10682499zAn electronic book accessible through the World Wide Web; click to view